01742nas a2200241Ia 4500001001100000003001000011008004100021040002500062041001300087100001800100210002000118222002000138245004600158250001100204260009300215300001200308310001500320362003700335500049800372501011400870520049800984650001801482R050-S2661IT-CnALBA170116c99999999xx |||||||||||| ||und|| aIT-CnALBAcIT-CnALBA aITALIANO aLUBICH CHIARA aNUOVA UMANITÀ aNUOVA UMANITÀ 0aNUOVA UMANITÀ. NOVEMBRE DICEMBRE 1997.  a1a ed. a ROMAbCITTÀ NUOVA DELLA PAMOM TIPOGR. c1997 [1° Ed.:1997 - Ed.Ling.Originale: 1997] a200 p.  aBIMESTRALE aFascicolo: 114 / Anno: 19 (1997) aRIFLESSIONI SULL'INTELLETTUALE. IDEALE DELL'UMANITÀ, NELLA MOSCHEA DI HARLEM, IL CENTUPLO E IL PARADISO TERRESTRE DI ARAUTO V. BAGGIO A. ZAVOLI S. CASAROLI G. BRUNI L. TRINITÀ E POLITICA. DISCORSO NEL CONFERIMENTO DELLA CITTADINANZA DI RIMINI A LUBICH C. CRISTIANESIMO MODERNITÀ E LETTERATURA. IL CONCETTO DI VUOTO NELLA SPIRITUALITÀ BUDDISTA, SPUNTO PER UNA TEOLOGIA TRINITARIA. L'ALTRO, VALORE O PREZZO? RIFLESSIONI SUL PROBLEMA ADAM SMITH. INDICI 1997. ALFABETICO AUTORI, RUBRICHE.  aSocietà San Paolo EM - Piazza San Paolo, 14 - 12051 ALBA (CN) (non commercial uses only) ® Copyright 2017 aRIFLESSIONI SULL'INTELLETTUALE. IDEALE DELL'UMANITÀ, NELLA MOSCHEA DI HARLEM, IL CENTUPLO E IL PARADISO TERRESTRE DI ARAUTO V. BAGGIO A. ZAVOLI S. CASAROLI G. BRUNI L. TRINITÀ E POLITICA. DISCORSO NEL CONFERIMENTO DELLA CITTADINANZA DI RIMINI A LUBICH C. CRISTIANESIMO MODERNITÀ E LETTERATURA. IL CONCETTO DI VUOTO NELLA SPIRITUALITÀ BUDDISTA, SPUNTO PER UNA TEOLOGIA TRINITARIA. L'ALTRO, VALORE O PREZZO? RIFLESSIONI SUL PROBLEMA ADAM SMITH. INDICI 1997. ALFABETICO AUTORI, RUBRICHE.  aRIVISTE VARIE